000 00278nam a22001337a 4500
008 170214b xxu||||| |||| 00| 0 eng d
020 _a9780879696252
041 _aeng
080 _a61
100 _a4
101 _aSHM
245 _aDNA MICRORRAYS
_cBOWTELL
942 _2udc
_cBK
999 _c5465
_d5465